Normal view
MARC view
Entry Topical Term
001 - CONTROL NUMBER
- control field: 13395
003 - CONTROL NUMBER IDENTIFIER
- control field: BD-RjUL
005 - DATE AND TIME OF LATEST TRANSACTION
- control field: 20240630111844.0
008 - FIXED-LENGTH DATA ELEMENTS
- fixed length control field: 240630|| aca||aabn | a|a d
040 ## - CATALOGING SOURCE
- Original cataloging agency: BD-RjUL
- Transcribing agency: BD-RjUL
150 ## - HEADING--TOPICAL TERM
- Topical term or geographic name entry element: Education and globalization
670 ## - SOURCE DATA FOUND
- Source citation: Work cat.: (BD-RjUL)83938: Globalisation and cultural transformations among the youth :, 2023